000 00356nam a2200145Ia 4500
003 OSt
008 191201s2012 xx 000 0 und d
082 _a621.3
_bMAE
100 _aMARWAHA,GL
245 0 _aElement of Electrical and Electronics Engineering
250 _a8th
260 _c2012
_bEagle Pub.
_aNEW DELHI
300 _a212+16+87
942 _2ddc
_cBK
999 _c8113
_d8113